| 000 | 00670nas a22001937a 4500 | ||
|---|---|---|---|
| 999 |
_c1260 _d1260 |
||
| 008 | 130314t20109999ag ||||| |||| 00| 0 spa d | ||
| 022 | _a1669-2411 | ||
| 245 | _aRevista de la Asociacion Medica Argentina de Anticoncepcion | ||
| 260 |
_aBuenos Aires: _bAsociacion Medica Argentina de Anticoncepcion, _c2010 |
||
| 300 | _av. : | ||
| 310 | _asemestral | ||
| 546 | _aespaƱol | ||
| 590 | _aIndizada en: Latindex | ||
| 590 | _aExistencias: 2010 6(1) BAJA DEPOSITO (CAJA 21) MAYO 2019 | ||
| 650 |
_aANTICONCEPCION _91981 |
||
| 650 |
_aGINECOLOGIA _91896 |
||
| 856 |
_uhttp://www.amada.org.ar/prof_revista.php _zSolo permite ver los indices, click aqui |
||
| 942 |
_2ddc _cCR |
||